| 000 | 00676 a2200193 4500 | ||
|---|---|---|---|
| 020 | _a0133457117 (v. 1) | ||
| 020 | _a013504135X (v. 2) | ||
| 040 |
_aDLC _bDLC |
||
| 082 | 0 | 0 | _a621.382/2 |
| 100 | 1 | _aKay, Steven M., | |
| 245 | 1 | 0 |
_aFundamentals of Statistical Signal Processing : detection theory : volume II _cSteven M. Kay. |
| 260 |
_aEnglewood Cliffs, N.J. : _bPrentice-Hall PTR, _cc1993-1998. |
||
| 300 |
_a2 v. : _bill. ; _c25 cm. |
||
| 440 | 0 | _aPrentice Hall signal processing series | |
| 505 | 0 | _av. 1. Estimation theory -- v. 2. Detection theory. | |
| 650 | 0 |
_aSignal detection _xStatistical methods. |
|
| 650 | 0 | _aEstimation theory. | |
| 942 |
_cBK _k621.3822 KAY _2ddc |
||
| 999 |
_c8177 _d8177 |
||